000 00490nam a2200181Ia 4500
003 LK-CoDNM
005 20230916105738.0
008 010623t1906 xxu||||| |||| 00| 1 eng d
040 _aLK-CoDNM
_dLK-CoDNM
_eLK-CoDNM
041 _aeng
_atam
080 _a12AA6
100 _aPope,G.U.
245 _aA Hand book of the ordinary Dialect of the Tamil Language : An English-Tamil Dictionary
260 _bOxford
_aLondon
_c1906
300 _b108p., 22cm
700 _aPope,G.U.
942 _cBK
999 _c86183
_d86183